Statystyki dla Państwa z największymi flotami handlowymi

Kliknij tutaj aby rozwiązać quiz!

Ogólne statystyki

  • Ten quiz został rozwiązany 66 razy
  • Średni wynik to 11 z 20

Statystyki odpowiedzi

Tonaż bruttoPaństwo% Poprawnych
117 milChiny | Hongkong
100%
9.9 milStany Zjednoczone
98%
17.8 milJaponia
88%
40.9 milWielka Brytania | Bermudy
88%
18.0 milWłochy
78%
13.7 milNiemcy
76%
18.5 milHiszpania
74%
11.1 milKorea Południowa
74%
10.1 milIndonezja
69%
14.4 milNorwegia
62%
11.3 milDania
60%
41.1 milGrecja
59%
216 milPanama
43%
59.2 milSingapur
29%
48.3 milBahamy
17%
19.7 milCypr
17%
45.0 milMalta
17%
124 milLiberia
10%
10.6 milAntigua i Barbuda
2%
81.1 milWyspy Marshalla
2%

Rozkład punktacji

Percentyl według liczby udzielonych odpowiedzi

Procent ludzi z każdym wynikiem

Twoja historia wyników

Nie rozwiązałeś tego quizu